000 00643nam a22001577a 4500
003 OSt
005 20150921101604.0
008 150921b xxu||||| |||| 00| 0 eng d
040 _cRUA
082 _aAGR CHH 2006 BO33 Or.1
100 _9988
_aCHHOUN, VIOLET
245 _aEFFECT OF POTASSIUM NITRATE (KNO3) DOSES IN KNOP SOLUTION ON PETSI CROP,(ឥទ្ធិុពលកំហាប់ប៉ូតាស្យូមនីត្រាតក្នុងសូលុយស្យុងក្នូបលើដំណាំស្ពៃចង្កឹះ).
260 _aPHNOM PHEN
_bRUA
_c2006
300 _aXIII,37P.
_bILL.
_c29CM.
942 _2ddc
_cAGR
999 _c949
_d949